LEADER 01236nam0 22002651i 450 001 UON00214330 005 20231205103347.588 100 $a20030730d1958 |0itac50 ba 101 $apor 102 $aPT 105 $a|||| ||||| 200 1 $aReflexos horacianos nas odes de Correia Garçao e Fernando Pessoa (Ricardo Reis)$ecomunicaçao apresentada, em 31-3-1950, ao Centro de Estudos Humanísti- cos, anexo à Universidade de Porto$fMaria Helena da Rocha Pereira 210 $a2ª ediçao Porto$cMaranus$d1958. 26 p. ; 24 cm 606 $aPESSOA FERNANDO$3UONC039857$2FI 606 $aCORREA GARÇAO PEDRO ANTONIO$3UONC045025$2FI 620 $aPT$dPorto$3UONL001524 676 $a869.1$cPoesia portoghese$v12 700 1$aPEREIRA$bMaria Helena : da Rocha$3UONV129435$0171714 712 $aMaranus$3UONV268149$4650 801 $aIT$bSOL$c20240220$gRICA 899 $aSIBA - SISTEMA BIBLIOTECARIO DI ATENEO$2UONSI 912 $aUON00214330 950 $aSIBA - SISTEMA BIBLIOTECARIO DI ATENEO$dSI Port IV 0968 $eSI LO 53000 5 0968 996 $aReflexos horacianos nas odes de Correia Garçao e Fernando Pessoa (Ricardo Reis$91262401 997 $aUNIOR